000 00481nam a2200193Ia 4500
001 1479
003 GE_BSU
008 181216s||||||||xx |||||||||||||| ||und||
040 _cGE_BSU
080 _a631(035)
245 _aСправочник агрохимика
260 _aМосква
260 _bРоссельхозиздат
260 _c1980
300 _a286стр. 21см.
541 _h8л.
653 _aСправочник агрохимика
942 _cBK
999 _c35613
_d35613